000 00492nam a2200193Ia 4500
005 20250326130001.0
008 250326s9999 xx 000 0 und d
037 _aTextbook
040 _aFMSL
_beng
_cFMSL
041 _aeng
_2eng
084 _aX:8 N3
_qFMSL
100 _aRichard M D
245 0 _aReadings in management
_cRichard M D
250 _a2
260 _aBombay
_bBombay, Taraponevala
_c1963
300 _a348p
942 _cTB
_hX:8 N3
999 _c1280436
_d1280436